Detalles MARC
| 000 -LEADER |
| longitud fija campo de control |
01948nam a22004697a 4500 |
| 003 - IDENTIFICADOR DE NUMERO DE CONTROL |
| control del campo |
AR-RoUNA |
| 005 - FECHA DE LA ULTIMA MODIFICACION |
| control del campo |
20250917111244.0 |
| 008 - CAMPO DE CONTROL - LIBROS |
| longitud fija campo de control |
250915b |||||||| |||| 00| 0 spa d |
| 020 ## - INTERNATIONAL STANDARD BOOK NUMBER |
| ISBN |
978-987-1074-43-3 |
| 040 ## - ORIGEN DE LA CATALOGACION |
| Agencia que cataloga la obra original |
AR-RoUNA |
| Idioma en que se cataloga |
spa |
| Entidad que modifico el registro |
AR-RoUNA |
| 041 ## - CODIGO DE IDIOMA |
| Codigo de idioma del texto / sonido o titulo separado |
spa |
| 044 ## - CODIGO DE PAIS / ENTIDAD PRODUCTORA |
| Codigo MARC del pais |
ag |
| 245 10 - TITULO PROPIAMENTE DICHO |
| Titulo |
Lecturas sobre pensadores sociales contemporaneos / |
| Subtitulo |
Susana Barbosa...[et.al.]. ; compilado por Marta Fernandez |
| 250 ## - MENCION DE EDICION |
| Edicion declarada |
1a. ed. |
| 260 ## - EDITORIAL - PUBLICACION, DISTRIBUCION, ETC. (Pie de imprenta) |
| Lugar de publicacion, distribucion, etc |
Buenos Aires : |
| Nombre del editor, distribuidor, etc |
Del Signo, |
| Fecha de publicacion |
2006 |
| 300 ## - DESCRIPCION FISICA |
| Extension |
155 p. |
| Dimensiones |
23x16 cm |
| 505 0# - NOTA DE CONTENIDO CON FORMATO |
| Título |
INDICE |
| 505 0# - NOTA DE CONTENIDO CON FORMATO |
| Título principal |
Marta Fernández / Introducción. p. 7 |
| 505 0# - NOTA DE CONTENIDO CON FORMATO |
| Título principal |
Mercedes Kerz / Paul Ricoeur (1913-2005). Entre la Historia, El tiempo y la narración. p. 11 |
| 505 0# - NOTA DE CONTENIDO CON FORMATO |
| Título principal |
Maria Cristina Menéndez / Cornelius Castoriadis (1922-1996). El Filósofo de la imaginación social. p. 33 |
| 505 0# - NOTA DE CONTENIDO CON FORMATO |
| Título principal |
Maria Fernández / Zygmunt Bauman (1925). Diagnóstico sociológico de nuestro tiempo. p. 59 |
| 505 0# - NOTA DE CONTENIDO CON FORMATO |
| Título principal |
Susana Barbosa / Jean Baudrillard (1929). La dislocación del sentido. p. 85 |
| 505 0# - NOTA DE CONTENIDO CON FORMATO |
| Título principal |
Carlos H. Cerdá / Gianni Vattimo (1936). Perspectiva hermenéutica vattimiana como propuesta de salvación posmoderna. p.107 |
| 505 0# - NOTA DE CONTENIDO CON FORMATO |
| Título principal |
Carlos Egaña / Gilles Lipovetsky (1944). Las raíces de la forma. p.129 |
| 600 #0 - MATERIA - NOMBRES PERSONALES |
| Nombre personal |
Baudrillard, Jean, |
| Fechas asociadas con el nombre |
1929-2007. |
| 9 (RLIN) |
18063 |
| 600 10 - MATERIA - NOMBRES PERSONALES |
| 9 (RLIN) |
15105 |
| Nombre personal |
Vattimo, Gianni, |
| Fechas asociadas con el nombre |
1936-2023 |
| 600 10 - MATERIA - NOMBRES PERSONALES |
| Nombre personal |
Lipovetsky, Gilles, |
| Fechas asociadas con el nombre |
$d 1944- |
| 9 (RLIN) |
27438 |
| 650 #4 - MATERIA - TERMINO TEMATICO |
| Término temático general |
Sociologos |
| General subdivision |
Biografia |
| 650 #4 - MATERIA - TERMINO TEMATICO |
| Término temático general |
Sociologia |
| General subdivision |
Filosofia |
| 650 #4 - MATERIA - TERMINO TEMATICO |
| Término temático general |
Sociologia |
| General subdivision |
Historia |
| 651 #4 - MATERIA - NOMBRE GEOGRAFICO |
| Termino geografico |
Pensamiento contemporaneo |
| 9 (RLIN) |
27422 |
| 700 1# - ENTRADA SECUNDARIA - NOMBRES PERSONALES |
| Nombre personal |
Fernandez, Marta |
| 9 (RLIN) |
27425 |
| Función |
comp. |
| 700 1# - ENTRADA SECUNDARIA - NOMBRES PERSONALES |
| Nombre personal |
Cerda, Carlos |
| 9 (RLIN) |
27423 |
| 700 1# - ENTRADA SECUNDARIA - NOMBRES PERSONALES |
| Nombre personal |
Egaña, Carlos |
| 9 (RLIN) |
27424 |
| 700 1# - ENTRADA SECUNDARIA - NOMBRES PERSONALES |
| Nombre personal |
Kerz, Mercedes |
| 9 (RLIN) |
27426 |
| 700 1# - ENTRADA SECUNDARIA - NOMBRES PERSONALES |
| Nombre personal |
Menendez, Cristina |
| 9 (RLIN) |
27427 |
| 908 ## - SOPORTE |
| Soporte |
Imp |
| 930 ## - ACCESION |
| Numero de accesion (NR) |
12235 |
| 942 ## - FUENTE DE CLASIFICACION |
| Clasificacion |
Universal Decimal Classification |
| Tipo de item |
Libro |
| 945 ## - INFORMACION DE PROCESAMIENTO |
| Fecha de ingreso o modificacion |
2025-09-15 |
| Codigo del operador |
MIA |
| 980 ## - DECLARACIÓN DE EQUIVALENCIA O SERIE DE REFERENCIA CRUZADA - NOMBRE / TÍTULO PERSONAL [LOCAL, CANADÁ] |
| Código del operador |
1 |
| Nombre del operador |
Maricel Allasia |
| Código del operador que modifico el registro |
5 |
| Nombre del operador que modifico el registro |
María Machado |